| 000 | 00488cam a22001217a 4500 | ||
|---|---|---|---|
| 008 | 180718b1914 xxu||||| |||| 00| 0 eng d | ||
| 082 | _aF2x42 R72 | ||
| 245 |
_aPractical enquiry into the nature of citizenship in the British empire and into the relation of its several communities to each other _cby Round table Groups, U.K. |
||
| 260 |
_aGloucester _bJohn Bellows _c1914 |
||
| 300 | _a192p | ||
| 650 | _aPublic administration --Moral and ethical aspects | ||
| 700 | _aU.K. Round table Groups | ||
| 999 |
_c426377 _d426377 |
||